| 000 | 01051nam a2200301Ia 4500 | ||
|---|---|---|---|
| 999 |
_c54593 _d54593 |
||
| 001 | 21660 | ||
| 003 | GE_BSU | ||
| 005 | 20230731155037.0 | ||
| 008 | 181216s2010||||Pl |||||||||||||| ||pol|| | ||
| 020 | _a9788360229293 | ||
| 040 | _cGE_BSU | ||
| 041 | _apol | ||
| 080 | _a811.162.2 H-93 | ||
| 245 |
_aHURRA!!! Po Polsku 3. Zeszyt cwiczen. B1 : _bPropozycja programowa na poziom B1. Zeszyt Cwiczen / _cAgnieszka Burkat, Agnieszka Jasinska, Malgorzata Malolepsza, Aneta Szymkiewicz. |
||
| 264 |
_aKrakow : _bProlog, _c2010. |
||
| 300 |
_a88 p. ; _c27 cm. _e+1cd, +1 Test book |
||
| 541 | _h10 ლ. | ||
| 653 | _aHURRA!!! Po Polsku 3. Zeszyt cwiczen. B1 | ||
| 653 | _aPropozycja programowa na poziom B1 | ||
| 653 | _aZeszyt Cwiczen | ||
| 653 | _aПольский язык | ||
| 653 | _aპოლონური ენა | ||
| 700 |
_aBurkat, Agnieszka _eAuthor _919582 |
||
| 700 |
_aJasinska, Agnieszka _eAuthor _919583 |
||
| 700 |
_aMalolepsza, Malgorzata _eAuthor _919584 |
||
| 700 |
_aSzymkiewicz, Aneta _eAuthor _919585 |
||
| 942 |
_cBK _2udc |
||